000 01140cam a2200265 4500
001 ABS64803
008 011120n2001 000 0 eng u
035 _a(Sirsi) u115641
100 _aWaller, A.
245 2 _aA passport for all your data sets
260 _c2001
490 _aEstates Gazette
_v(0143) 27 October 2001, 169(1)
520 _aLooks at the progress of the easy transfer of data among different software packages and companies. Highlights some of the initiatives being developed such as the 'Property Information Systems Common Exchange Standard' (PISCES) which is the main force in the UK. Concludes that whilst there is no data standards worldwide yet, the depth of thinking and the resources being ploughed into the current initiatives is a positive sign for the property industry.
590 _aABS
650 _aDATA TRANSFER
650 _aSOFTWARE PACKAGES
650 _aBENCHMARKING
650 _aPROPERTY DATA
650 _aINITIATIVES
650 _aESTATE MANAGEMENT
650 _aSTANDARDS
650 _aINTERNET
690 _aMANAGEMENT-BUSINESS MANAGEMENT-INFORMATION MANAGEMENT
942 _n0
999 _c68867
_d68867